Manejo agroecológico del cultivo de aguacate en el estado de Michoacán
Uloženo v:
| Hlavní autor: | |
|---|---|
| Médium: | Kniha |
| Jazyk: | španělština |
| Vydáno: |
Morelia
Ediciones Michoacanas
2016
|
| Vydání: | 1a. ed |
| Témata: | |
| Tagy: |
Přidat tag
Žádné tagy, Buďte první, kdo vytvoří štítek k tomuto záznamu!
|
MARC
| LEADER | 00000cam a2200000 a 4500 | ||
|---|---|---|---|
| 001 | UCD7016 | ||
| 003 | CL-VaPUC | ||
| 008 | 170303e20160800mx |||||||||||||||||spa|d | ||
| 082 | 0 | 4 | |a 634.653 |b BRA |2 21 |
| 100 | 0 | |a Bravo Espinosa, Fidel |e author |9 590952 | |
| 245 | 1 | 0 | |a Manejo agroecológico del cultivo de aguacate en el estado de Michoacán |
| 250 | |a 1a. ed | ||
| 300 | |a 61 p | ||
| 942 | |c BK | ||
| 945 | |d 20170303 17:35:00 |a arojas | ||
| 260 | |a Morelia |b Ediciones Michoacanas |c 2016 | ||
| 650 | 0 | |a Palta (Aguacate) |9 403461 | |
| 650 | 0 | |a Palta (Aguacate) |9 403461 | |
| 650 | 0 | |a Cultivo |9 264268 | |
| 650 | 0 | |a Cosecha |9 259688 | |
| 650 | 7 | |a MADURACION |2 CL-VaPUC |9 264873 | |
| 583 | |a last modification |c 20170303 17:35:00 |k Rodrigo Vera | ||
| 999 | |c 367183 |d 367181 | ||
| 952 | |0 0 |1 0 |3 erb |4 0 |6 634_653000000000000_BRA_2016 |7 0 |8 A |9 481877 |a BIBAGR |b BIBAGR |i 5361591 |l 1 |o 634.653 BRA 2016 |p 5361591 |r 2025-01-20 |s 2022-11-08 |w 2019-11-24 |y BK |z Catalogado en:20170303 |k AGR | ||